=LDR 00000nam 2200000 4500 =001 INLIS000000000021626 =005 20130612120453 =008 ***********************************Ind** =035 ##$$0010-061300000021626 =041 ##$$a Ind =082 ##$$a F Rom K =090 ##$$a F Rom K, Koo h =100 ##$$a Koonts, Dean R =245 ##$$a The house of thunder =260 ##$$a [S.a] $b Bogor =300 ##$$a 462 hlm, 21 cm =650 ##$$a Fiksi Dewasa =850 ##$$a NBPNMAT